[Event "Cagliari Alfa Lum op 3rd"]
[Site "Cagliari"]
[Date "2012.09.02"]
[Round "5"]
[White "Cuccu, Giovanni"]
[Black "Pistis, Laura"]
[Result "1-0"]
[WhiteElo "1461"]
[BlackElo "1335"]
[PlyCount "119"]
[EventDate "2012.08.31"]
[EventType "swiss"]
[EventRounds "6"]
[EventCountry "ITA"]
[SourceTitle "EXT 2014"]
[Source "ChessBase"]
[SourceDate "2013.11.20"]
[SourceVersion "1"]
[SourceVersionDate "2013.11.20"]
[SourceQuality "1"]

1. e4 e5 2. Nf3 d5 3. exd5 Bd6 4. Nc3 Nf6 5. Bc4 0-0 6. 0-0 c6 7. Re1 Re8 8. d4 cxd5 9. Bxd5 Nxd5 10. dxe5 Bb4 11. Qxd5 Qxd5 12. Nxd5 Bxe1 13. Nc7 Ba5 14. Nxe8 Bd7 15. Nd6 Nc6 16. Nxb7 Bc7 17. Nc5 Rd8 18. Bf4 Bf5 19. c3 Re8 20. Re1 Bg4 21. Nd3 Bxf3 22. gxf3 Rd8 23. Nb4 Nxb4 24. cxb4 h6 25. h4 a5 26. Rc1 Rd7 27. e6 fxe6 28. Bxc7 axb4 29. Ba5 Ra7 30. Bxb4 Rxa2 31. Ba3 Kf7 32. Kg2 Kg6 33. Kg3 Kh5 34. Re1 g5 35. hxg5 hxg5 36. Rxe6 Ra1 37. f4 Rg1+ 38. Kf3 g4+ 39. Ke2 Rg2 40. Re3 Kh4 41. Rg3 Rh2 42. f5 Kg5 43. f6 Kxf6 44. Rxg4 Kf5 45. Bd6 Rh6 46. Rf4+ Ke6 47. Ra4 Kd7 48. Bf4 Rf6 49. Ra7+ Ke8 50. Ra8+ Kd7 51. Kf3 Rb6 52. Be5 Rb5 53. Ke4 Rb4+ 54. Kf5 Kc6 55. Ke6 Rh4 56. f4 Rh6+ 57. Kf5 Rh5+ 58. Kg4 Rh7 59. Rb8 Rg7+ 60. Bxg7 1-0